Curso elemental de Historia : arreglado al programa oficial de 1º de agosto de 1846 : adornado con tres cuadros sinópticos y tablas cronológicas comparadas que facilitan su estudio

Guardado en:
Detalles Bibliográficos
Autor principal: Rivera, Joaquín Federico de
Formato: Libro
Lenguaje:español
Publicado: Valladolid : Libreria de Felix Mateo, 1856
Edición:3ª ed. corr. y enmendada
Catálogo:MANES:  Resultados de Búsqueda del Catálogo
Clasificación de libros de texto:
Etiquetas: Agregar Etiqueta
Sin Etiquetas, Sea el primero en etiquetar este registro!
Añadido a:1999-11-29
Cambiado en:2025-05-07

MARC

LEADER 00000cam a2200000#i 4500
005 20250507134514.0
008 000000s1856 esp fp 000 0 spa d
040 |a uned  |b spa  |c entro-manes 
100 1 |a Rivera, Joaquín Federico de  |9 39593 
245 1 0 |a Curso elemental de Historia :   |b arreglado al programa oficial de 1º de agosto de 1846 : adornado con tres cuadros sinópticos y tablas cronológicas comparadas que facilitan su estudio /   |c por Joaquín Federico de Rivera 
250 |a 3ª ed. corr. y enmendada 
260 |a Valladolid :   |b Libreria de Felix Mateo,   |c 1856 
300 |a 3 tomos en 1 vol. 
505 0 |g Tomo I.   |t Historia Antigua --   |g Tomo II.   |t Historia de la Edad Media --   |g Tomo III.   |t Historia Moderna 
546 |a España 
561 |5 es-BUNED  |3 L.T. 3267  |a España. Fondo Manes UNED  |k MANES 
690 0 |a HI 
942 |2 ddc  |c BK 
999 |c 96024  |d 96024 
999 |c manes:96024  |d 96024